| 000 | 00377 a2200157 4500 | ||
|---|---|---|---|
| 001 | 156785 | ||
| 020 | _a9788535920475 | ||
| 040 | _cEscola São Tomás de Aquino | ||
| 100 | _aANDRADE, Carlos Drummond de | ||
| 240 | 1 | 0 |
_aContos de aprendiz _lpor |
| 245 | 1 | 0 | _aContos de aprendiz |
| 300 | _a150 | ||
| 362 | 0 | _a2012 | |
| 697 | _aCRÔNICA, CONTO, NOVELA,CARTAS | ||
| 942 | _cBK | ||
| 999 |
_c156785 _d156785 |
||